| 000 | 00613nam a2200181 a 4500 | ||
|---|---|---|---|
| 001 | 000040542 | ||
| 005 | 20201002034212.0 | ||
| 008 | 130830s2012 sp 000 0 spa d | ||
| 020 | _a9788415042334 | ||
| 040 |
_aDO-SdBNP _bspa _cBNPHU |
||
| 100 | 1 |
_aAbrantes, Ricardo. _966862 |
|
| 245 | 1 | 0 |
_aArte Español para extranjeros / _cRicardo Abrantes, Araceli Fernández, Santiago Manzarbeitia ; coordinación de Alicia Cámara. |
| 250 | _a5a. ed. | ||
| 260 |
_aMadrid : _bNerea, _c2012. |
||
| 300 |
_a278 p : _bil. ; _c24 cm. |
||
| 700 | 1 |
_aFernández, Araceli. _966863 |
|
| 700 | 1 |
_aManzarbeitia Valle, Santiago. _966864 |
|
| 999 |
_c40032 _d40032 |
||